Miasta w Polsce powyżej 50k mieszkańców - Statystyki

Ogólne statystyki
  • Ten quiz został rozwiązany 274 razy
    82 od ostatniego zresetowania
  • Średni wynik to 57 z 83
Statystyki odpowiedzi
Hint Odpowiedź % Poprawnych
471k Gdańsk
95%
244k Gdynia
95%
395k Szczecin
95%
661k Łódź
93%
1860k Warszawa
93%
340k Bydgoszcz
91%
332k Lublin
91%
197k Toruń
91%
303k Katowice
88%
805k Kraków
88%
171k Olsztyn
88%
128k Opole
88%
534k Poznań
88%
197k Rzeszów
88%
642k Wrocław
88%
140k Zielona Góra
88%
297k Białystok
86%
123k Gorzów Wielkopolski
84%
196k Kielce
84%
105k Koszalin
84%
218k Radom
81%
285k Gliwice
79%
98k Legnica
79%
71k Lubin
77%
118k Elbląg
74%
68k Piotrków Trybunalski
74%
70k Suwałki
74%
231k Częstochowa
72%
71k Konin
72%
123k Płock
72%
89k Słupsk
72%
129k Tychy
72%
62k Ełk
70%
77k Siedlce
70%
67k Stargard
70%
110k Wałbrzych
70%
178k Zabrze
70%
173k Bielsko-Biała
67%
111k Chorzów
67%
71k Inowrocław
67%
78k Jelenia Góra
67%
63k Łomża
67%
60k Pruszków
67%
107k Tarnów
67%
59k Zamość
67%
66k Głogów
65%
92k Grudziądz
65%
100k Kalisz
65%
84k Nowy Sącz
65%
60k Przemyśl
65%
141k Ruda Śląska
65%
173k Bytom
63%
123k Dąbrowa Górnicza
63%
72k Piła
63%
140k Rybnik
63%
210k Sosnowiec
63%
55k Biała Podlaska
60%
58k Chełm
60%
54k Legionowo
60%
63k Leszno
60%
60k Mielec
60%
107k Włocławek
60%
53k Bełchatów
58%
68k Gniezno
58%
56k Świdnica
58%
60k Kędzierzyn-Koźle
56%
59k Tczew
56%
62k Pabianice
53%
60k Stalowa Wola
53%
94k Jaworzno
51%
69k Ostrowiec Świętokrzyski
51%
50k Piaseczno
51%
91k Jastrzębie Zdrój
49%
71k Ostrów Wielkopolski
49%
53k Zgierz
49%
58k Tomaszów Mazowiecki
47%
75k Mysłowice
44%
69k Siemianowice Śląskie
44%
62k Żory
44%
50k Rumia
42%
61k Tarnowskie Góry
37%
57k Piekary Śląskie
35%
58k Będzin
33%
Nie znaleziono quizów pasujących do podanych kryteriów
Rozkład punktacji
Procent ludzi z każdym wynikiem
Percentyl według liczby udzielonych odpowiedzi
Twoja historia wyników
Nie rozwiązałeś tego quizu od ostatniego zresetowania